<?xml version="1.0" encoding="UTF-8"?><?xml-stylesheet type="text/xsl" href="static/style.xsl"?><OAI-PMH xmlns="http://www.openarchives.org/OAI/2.0/" xmlns:xsi="http://www.w3.org/2001/XMLSchema-instance" xsi:schemaLocation="http://www.openarchives.org/OAI/2.0/ http://www.openarchives.org/OAI/2.0/OAI-PMH.xsd"><responseDate>2026-04-13T02:19:16Z</responseDate><request verb="GetRecord" identifier="oai:www.recercat.cat:2445/177423" metadataPrefix="marc">https://recercat.cat/oai/request</request><GetRecord><record><header><identifier>oai:recercat.cat:2445/177423</identifier><datestamp>2025-12-04T19:38:44Z</datestamp><setSpec>com_2072_1057</setSpec><setSpec>col_2072_478813</setSpec><setSpec>col_2072_478917</setSpec></header><metadata><record xmlns="http://www.loc.gov/MARC21/slim" xmlns:dcterms="http://purl.org/dc/terms/" xmlns:xsi="http://www.w3.org/2001/XMLSchema-instance" xmlns:doc="http://www.lyncode.com/xoai" xsi:schemaLocation="http://www.loc.gov/MARC21/slim http://www.loc.gov/standards/marcxml/schema/MARC21slim.xsd">
   <leader>00925njm 22002777a 4500</leader>
   <datafield ind2=" " ind1=" " tag="042">
      <subfield code="a">dc</subfield>
   </datafield>
   <datafield ind2=" " ind1=" " tag="720">
      <subfield code="a">Vidal Casanella, Oscar</subfield>
      <subfield code="e">author</subfield>
   </datafield>
   <datafield ind2=" " ind1=" " tag="720">
      <subfield code="a">Núñez Burcio, Oscar</subfield>
      <subfield code="e">author</subfield>
   </datafield>
   <datafield ind2=" " ind1=" " tag="720">
      <subfield code="a">Saurina, Javier</subfield>
      <subfield code="e">author</subfield>
   </datafield>
   <datafield ind2=" " ind1=" " tag="260">
      <subfield code="c">2021-05-19T12:42:05Z</subfield>
   </datafield>
   <datafield ind2=" " ind1=" " tag="260">
      <subfield code="c">2021-05-19T12:42:05Z</subfield>
   </datafield>
   <datafield ind2=" " ind1=" " tag="260">
      <subfield code="c">2021-05-06</subfield>
   </datafield>
   <datafield ind2=" " ind1=" " tag="260">
      <subfield code="c">2021-05-19T12:42:05Z</subfield>
   </datafield>
   <datafield ind2=" " ind1=" " tag="520">
      <subfield code="a">Flavanols consist of a great family of bioactive molecules displaying a wide range of health-promoting attributes for humans, including antioxidant, antimicrobial or an-ti-inflammatory effects. As a result, botanical species rich in this type of compounds are often used to develop nutraceutical products or dietary supplements with recognized healthy attrib-utes. This paper aims at characterizing nutraceutical products using liquid chromatographic fin-gerprints related to flavanol composition. Catechins and their oligomers were exploited to characterize and authenticate of various commercial products prepared with extracts of red ber-ries and medicinal plants. These compounds resulted in interesting descriptors of some fruits and vegetables, thus providing an additional perspective for the study of nutraceuticals. For such a purpose, a new method based on liquid chromatography with UV/Vis detection (HPLC-UV/Vis) with precolumn derivatization with 4-dimethylaminocinnamaldehyde was de-veloped. Results indicated that the separation of flavanols was very complex due to the degrada-tion of procyanidin derivatives. The resulting data sets were analyzed using chemometric methods such as principal component analysis and partial least square-discriminant analysis. Despite the complexity of chromatographic fingerprints, nutraceutical samples could be dis-criminated according to their main ingredients. In general, catechin and epicatechin were the most abundant compounds in the different samples and procyanidin A2 was highly specific of cranberry.</subfield>
   </datafield>
   <datafield tag="653" ind2=" " ind1=" ">
      <subfield code="a">Flavonoides</subfield>
   </datafield>
   <datafield tag="653" ind2=" " ind1=" ">
      <subfield code="a">Plantes medicinals</subfield>
   </datafield>
   <datafield tag="653" ind2=" " ind1=" ">
      <subfield code="a">Aliments funcionals</subfield>
   </datafield>
   <datafield tag="653" ind2=" " ind1=" ">
      <subfield code="a">Flavonoids</subfield>
   </datafield>
   <datafield tag="653" ind2=" " ind1=" ">
      <subfield code="a">Medicinal plants</subfield>
   </datafield>
   <datafield tag="653" ind2=" " ind1=" ">
      <subfield code="a">Functional foods</subfield>
   </datafield>
   <datafield ind2="0" ind1="0" tag="245">
      <subfield code="a">Liquid chromatographic fingerprints for the characterization of flavanol-rich nutraceuticals based on 4-dimethylaminocinnamaldehyde precolumn derivatization</subfield>
   </datafield>
</record></metadata></record></GetRecord></OAI-PMH>